M*A*S*H (TV Show) Characters by Picture - Statistics

General Stats
  • This quiz has been taken 593 times
  • The average score is 12 of 16
Answer Stats
Picture Answer % Correct
Benjamin "Hawkeye" Pierce
98%
Margaret "Hot Lips" Houlihan
98%
Walter "Radar" O'Reilly
97%
Frank Burns
90%
B.J. Hunnicutt
87%
"Father" John Francis Mulcahy
83%
Henry Blake
81%
Maxwell Klinger
80%
Charles Emerson Winchester III
79%
Sherman Potter
76%
"Trapper" John McIntyre
76%
Sidney Freedman
63%
Kealani Kellye Nakahara
60%
Igor Straminsky
56%
Samuel Flagg
54%
Luther Rizzo
49%
No matching quizzes found
Score Distribution
Percent of People with Each Score
Percentile by Number Answered
Your Score History
You have not taken this quiz